00344nam a2200121Ia 450000500170000000800410001708200130005810000180007124500300008926000480011930000160016750000390018320250509052404.0240331s9999 xx 000 0 und d bSOMa891 aSomakandan, P 0aEelaththu manpuru makalir aColombo - ChennaibKumaran Publishersc2003 aX, 188 p ., aService Sketches Of Renowned Women